Náboženský fundamentalizmus, jeho korene a prejavy
Fundamentalizmus je globálny jav a vyskytoval, resp. vyskytuje sa v každom veľkom náboženstve. Existuje tak kresťanský, židovský ako aj islamský fundamentalizmus. Podstata fundamentalizmu, jeho prejavy. V súčasnosti je najznámejší islamský fundamentalizmus. Islam nie je len náboženstvom, je to aj...
Salvato in:
| Autore principale: | |
|---|---|
| Natura: | Capitolo di libro |
| Lingua: | slovacco |
| Soggetti: | |
| Tags: |
Nessun Tag, puoi essere il primo ad aggiungerne!!
|
MARC
| LEADER | 00000nla$a2200000$$$4500 | ||
|---|---|---|---|
| 001 | 0065305 | ||
| 005 | 20240502071755.2 | ||
| 041 | 0 | |a slo | |
| 044 | |a SK | ||
| 245 | 1 | 0 | |a Náboženský fundamentalizmus, jeho korene a prejavy |c Emília Vokálová |
| 520 | |a Fundamentalizmus je globálny jav a vyskytoval, resp. vyskytuje sa v každom veľkom náboženstve. Existuje tak kresťanský, židovský ako aj islamský fundamentalizmus. Podstata fundamentalizmu, jeho prejavy. V súčasnosti je najznámejší islamský fundamentalizmus. Islam nie je len náboženstvom, je to aj filozofia a spôsob života. Celkove existujú dva navzájom si odporujúce obrazy islamu: mierumilovný islam, ktorý je otvorený k dialógu a spolunažívaniu, a fundamentalistický islam, ktorý je militantný a doslova teroristický. | ||
| 610 | 2 | 0 | |a náboženstvo |
| 610 | 2 | 0 | |a fundamentalizmus |
| 610 | 2 | 0 | |a islam |
| 610 | 2 | 0 | |a prejavy |
| 100 | 1 | |a Vokálová, Emília | |